| 000 | 00424nam a2200157 i 4500 | ||
|---|---|---|---|
| 001 | bg | ||
| 100 | 1 | _aFILIPOWICZ, Bronisław | |
| 245 | 0 |
_aChemia i życie / _cBronisław Filipowicz. |
|
| 260 |
_aWarszawa : _b"Wiesza Powszechna", _c1981. |
||
| 300 |
_a465, [3] s. : _brys., ilustr., tab., portr. |
||
| 040 | _cBPK | ||
| 041 | _apol | ||
| 080 | _a612.015+577.1 | ||
| 942 | _cKS | ||
| 008 | s pl f |000 0 pol | ||
| 999 |
_c20142 _d20142 |
||
| 856 |
_uhttp://koha.tu.koszalin.pl/cgi-bin/koha/opac-detail.pl?biblionumber=20142 _yKatalog online BPK |
||